000 00773nam a2200217 i 4500
001 89423
003 ES-MaACL
005 20230906180152.0
007 t|
008 050110s1948 sp ||||1| spa d
100 1 _aLaporta, Luis.
_970168
245 1 0 _aGuía formulario de clínica digestiva /
_cpor Luis Laporta.
250 _a[1ª ed.].
260 _aValencia :
_bSaber,
_c1948 (
_fTip. Artística)
300 _a424 p. ;
_c18 cm.
490 1 _aColección española de guias formularios ;
_v3
505 8 _aContiene: Apéndice-Fichero de especialidades farmaceúticas de aplicación a las enfermedades del aparato digestivo
830 0 _aColección española de guias formularios ;
_v3
_9231889
852 _aES-MaACL
_jC-4882
_bR.25383
999 _c89423
_d89423